000 00503nab a2200205 a 4500
001 16575
003 35543
005 20201118095529.0
008 ||||||n9999 ||| || ||
041 _aspa
245 0 _aEl ECU lo hara posible :
_bpp.20
260 _aBogotá :
_bRetina,
_c1992.
300 _app. 20
562 _e0
650 _aCOMUNIDAD ECONOMICA
650 _aMONEDA
650 _aSISTEMA MONETARIO INTERNACIONAL
773 _016569
_aSintesis Economica - No.817
942 _cSART
999 _c16575
_d16575